عرض عادي عرض مارك
  • MacDonald, Nora M.,

مدخل إسم شخص

عدد التسجيلات المستخدمة في: 1

001 - رقم الضبط

  • حقل الضبط: 19348

003 - معرف رقم الضبط

  • حقل الضبط: OSt

005 - تاريخ ووقت أخر عملية

  • حقل الضبط: 20121231121138.0

008 - عناصر بيانات ثابتة الطول

  • حقل تحكم ثابت الطول: 121231|||a|||||| | ||| d

040 ## - مصدر الفهرسة

  • هيئة الفهرسة الأصلية: OSt
  • وكالة الكتابة: OSt

100 ## - مدخل -- أسم شخص

  • إسم شخص: MacDonald, Nora M.,
  • تواريخ مرتبطة بالاسم: 1944-

670 ## - بيانات المصدر موجوده

  • الاستشهاد بالمصدر: Work cat.: (OSt)0: MacDonald, Nora M., 1944-, Principles of flat-pattern design /, c2010.